Účtovné a daňové aspekty prenájmov ako formy obstarania dlhodobého hmotného majetku diplomová práca

Saved in:
Bibliographic Details
Main Author: Stašenková, Monika
Corporate Author: Fakulta hospodárskej informatiky EU. Katedra účtovníctva a audítorstva
Other Authors: Szász, Marek
Format: Book
Language:Slovak
Published: Bratislava 2018
Tags: Add Tag
No Tags, Be the first to tag this record!

MARC

LEADER 00000nbm a2200000 4500
001 0243559
005 20181108092635.1
041 0 |a slo 
044 |a SK 
245 1 0 |a Účtovné a daňové aspekty prenájmov ako formy obstarania dlhodobého hmotného majetku  |b diplomová práca  |c Monika Stašenková ; školiteľ: Marek Szász 
264 1 |a Bratislava  |c 2018 
300 |a 60 s. 
100 1 |a Stašenková, Monika 
700 1 |a Szász, Marek 
710 2 |a Fakulta hospodárskej informatiky EU. Katedra účtovníctva a audítorstva